000 00900nam a2200265 i 4500
001 bg
100 1 _aCZUDEK, Henryk
245 1 0 _aTrwałość mostów drogowych /
_cHenryk Czudek, Adam Wysokowski.
260 _aWarszawa :
_bWydawnictwa Komunikacji i Łączności,
_c2005.
300 _a91, [1] s., [16] s. tabl. kolor. :
_brys., wykr. ;
_c25 cm.
504 _aBibliogr. s. 89-91.
650 9 _aMosty
_xmechanika
650 9 _aWytrzymałość materiałów
655 _aPodręczniki
700 1 _aWYSOKOWSKI, Adam
015 _aPB 19483/2005
020 _a832061578X
040 _cBPK
041 _apol
080 _a624.2/.8:539.3/.6](07)
920 _a83-206-1578-X
942 _cKS
008 s pl f |000 0 pol
999 _c51489
_d51489
856 _uhttp://koha.tu.koszalin.pl/cgi-bin/koha/opac-detail.pl?biblionumber=51489
_yKatalog online BPK